Welcome to CU Library Online Public Access Catalogue (OPAC)

Environment and Pollution/ (Record no. 1939)

MARC details
000 -LEADER
fixed length control field 00515nam a22001697a 4500
005 - DATE AND TIME OF LATEST TRANSACTION
control field 20241203121943.0
008 - FIXED-LENGTH DATA ELEMENTS--GENERAL INFORMATION
fixed length control field 241203b |||||||| |||| 00| 0 eng d
020 ## - INTERNATIONAL STANDARD BOOK NUMBER
International Standard Book Number 812391223407
050 ## - LIBRARY OF CONGRESS CALL NUMBER
Classification number TD174 AMB
100 ## - MAIN ENTRY--PERSONAL NAME
Personal name Ambasht, R. S.
245 ## - TITLE STATEMENT
Title Environment and Pollution/
Remainder of title an ecological approach
Statement of responsibility, etc. R. S. Ambasht & P. K. Ambasht
250 ## - EDITION STATEMENT
Edition statement 4th ed.
260 ## - PUBLICATION, DISTRIBUTION, ETC.
Place of publication, distribution, etc. New Delhi
Name of publisher, distributor, etc. CBS Publishers & Distributors
Date of publication, distribution, etc. 2006
300 ## - PHYSICAL DESCRIPTION
Extent xii.323p.
Other physical details ill.
Dimensions 21.5cm
700 ## - ADDED ENTRY--PERSONAL NAME
Personal name Ambasht, P. K.
942 ## - ADDED ENTRY ELEMENTS (KOHA)
Source of classification or shelving scheme Library of Congress Classification
Koha item type Books
Edition 4th ed.
Suppress in OPAC No
999 ## -
-- 1939
-- 1939
Holdings
Withdrawn status Lost status Source of classification or shelving scheme Damaged status Not for loan Collection Home library Current library Shelving location Date acquired Total checkouts Full call number Barcode Date last seen Copy number Price effective from Koha item type
    Library of Congress Classification     Non-fiction Science Library (Miotso) Science Library (Miotso) General stacks 12/03/2024   TD174 AMB SLM00001134 12/03/2024 1 12/03/2024 Books
    Library of Congress Classification     Non-fiction Science Library (Miotso) Science Library (Miotso) General stacks 12/03/2024   TD174 AMB SLM00001135 12/03/2024 2 12/03/2024 Books
© 2023-2024 Copyright: Central University Libraries. All Rights Reserved | Created by: Mahone Tech Office